Normal view
MARC view
Entry Personal Name
001 - CONTROL NUMBER
- control field: 523793
003 - CONTROL NUMBER IDENTIFIER
- control field: OSt
005 - DATE AND TIME OF LATEST TRANSACTION
- control field: 20220930063954.0
008 - FIXED-LENGTH DATA ELEMENTS
- fixed length control field: 220930|| aca||aabn | a|a d
040 ## - CATALOGING SOURCE
- Original cataloging agency: OSt
- Transcribing agency: OSt
100 ## - HEADING--PERSONAL NAME
- Personal name: Grover Priyanka
670 ## - SOURCE DATA FOUND
- Source citation: Work cat.: (OSt)857556: Grover Priyanka, Study of Jest anxiety among Jenth grade school boys and girls in Delhi, 1996
